Returning fire.

Prof. Roger Stahl tackles the connection between war and gaming by examining the work of three activists. They have drawn attention to the military-entertainment complex, the blurring of public and entertainment space, and the way technology separates the public and military from human suffering.

Bibliographic Details
Other Authors: Ermey, Lee (Speaker)
Format: Video
Language:English
Language Notes:Closed-captions in English.
Published: Northampton, Massachusetts : Media Education Foundation, 2015.
Subjects:
Online Access:Connect to this streaming video

MARC

Tag First Indicator Second Indicator Subfields
LEADER 00000cgm a2200000Mi 4500
001 in00005510021
006 m go c
007 vz |za|||
007 cr |za||||||||
008 150526r20152011mau044 f o vleng d
005 20241105202609.1
035 |a (OCoLC)on1001324693 
040 |a UAB  |b eng  |e rda  |e pn  |c UAB  |d OCLCO  |d U3G  |d OCLCF  |d OCL  |d SGPBL  |d OCLCQ  |d NRC  |d OCLCQ  |d OCLCA  |d OCLCO  |d OCLCA  |d OCL  |d OCLCA  |d OCLCO 
019 |a 988134517  |a 1087392487 
020 |a 9781473929074  |q (streaming video) 
020 |a 1473929075 
035 |a (OCoLC)1001324693  |z (OCoLC)988134517  |z (OCoLC)1087392487 
041 0 |j eng 
050 4 |a GV1469.34.V56 
082 0 4 |a 793.920285  |2 23 
049 |a TXAM 
245 0 0 |a Returning fire. 
264 1 |a Northampton, Massachusetts :  |b Media Education Foundation,  |c 2015. 
300 |a 1 online resource (1 video file (44 min., 55 sec.)) :  |b sound, colour 
336 |a two-dimensional moving image  |b tdi  |2 rdacontent 
337 |a computer  |b c  |2 rdamedia 
338 |a online resource  |b cr  |2 rdacarrier 
500 |a Previously issued: 2011. 
511 0 |a Presenter, Roger Stahl; speakers, R. Lee Ermey [and sixteen others]. 
520 8 |a Prof. Roger Stahl tackles the connection between war and gaming by examining the work of three activists. They have drawn attention to the military-entertainment complex, the blurring of public and entertainment space, and the way technology separates the public and military from human suffering. 
546 |a Closed-captions in English. 
588 0 |a Online resource; title from home page (viewed on June 10, 2015). 
650 0 |a War video games. 
650 0 |a War  |x Technological innovations. 
650 6 |a Jeux vidéo de guerre. 
650 6 |a Guerre  |x Innovations. 
650 7 |a War video games  |2 fast 
650 7 |a War  |x Technological innovations  |2 fast 
655 2 |a Webcast 
655 7 |a Nonfiction television programs  |2 fast 
655 7 |a Internet videos  |2 fast 
655 7 |a Nonfiction television programs.  |2 lcgft 
655 7 |a Internet videos.  |2 lcgft 
655 7 |a Émissions télévisées autres que de fiction.  |2 rvmgf 
655 7 |a Vidéos sur Internet.  |2 rvmgf 
700 1 |a Stahl, Roger,  |e on-screen presenter. 
700 1 |a Ermey, Lee,  |e speaker. 
856 4 0 |u http://proxy.library.tamu.edu/login?url=https://sk.sagepub.com/video/returning-fire  |z Connect to this streaming video  |t 0 
955 |a SAGE Video Media Communication and Cultural Studies 
994 |a 92  |b TXA 
999 f f |s 6e2be9ae-1a2f-43c5-93d5-9bc6d06771d1  |i 8e728318-b33a-455b-9b1e-ba2f61747e92  |t 0 
952 f f |a Texas A&M University  |b College Station  |c Electronic Resources  |d Available Online  |t 0  |e GV1469.34.V56   |h Library of Congress classification 
998 f f |a GV1469.34.V56   |t 0  |l Available Online